000 00826nam a2200205Ia 4500
005 20250328164846.0
008 250326s9999 xx 000 0 und d
020 _a9789389872408
_qpbk.
041 _aeng
082 _a621.382
_bNAI
100 _aNair, B. Somanathan ; Deepa, S.R.
245 0 _aBasic Communication And Information Engineering
_c/ B. Somanathan Nair and S.R. Deepa
250 _a1st ed.
260 _bWiley
_c2020
_aNew Delhi
300 _axxii, 330 p.
_b: ill.
_c; 24 cm.
504 _aindex
520 _aThe present book is meant for the first-year students of various universities. Engineering educationists feel that first-year students of all disciplines must have an elementary and General idea about various branches of electronics.
650 _aCommunication Engineering
942 _cENGLISH
999 _c569587
_d569587